00554nam a2200169Ia 4500003000900000008004100009040001600050080001500066100002300081245006300104260003300167300001400200650003200214942000700246999001500253952011600268IN-BaIIA211028s9999 xx 000 0 eng d cIIA Library a519.2bMAN aMandel, John94513 4aThe statistical analysis of experimental datacJohn Mandel aNew YorkbWiley & Sonsc1964 axi, 410p. aStatistical analysis.91599 cBK c2530d2530 00104070aBANbBANcGENd1966-03-28g54.00l0o519.2/ MANp2829r2021-11-05v54.00w1966-03-28yBKGRs. 54.00